Statistics for Pokémon Fossils

Click here to take the quiz!

General Stats

  • This quiz has been taken 5 times
  • The average score is 10 of 15

Answer Stats

GenerationFossil% Correct
Gen IIIClaw
100%
Gen IDome
100%
Gen IOld Amber
100%
Gen IVSkull
100%
Gen VIIIFish
75%
Gen IHelix
75%
Gen VIIIBird
50%
Gen VCover
50%
Gen VIIIDino
50%
Gen VIJaw
50%
Gen VPlume
50%
Gen IIIRoot
50%
Gen VISail
50%
Gen IVArmor
25%
Gen VIIIDrake
25%

Score Distribution

Percentile by Number Answered

Percent of People with Each Score

Your Score History

You have not taken this quiz